| 000 | 00734cam a22002531 4500 | ||
|---|---|---|---|
| 001 | sa 68009167 | ||
| 003 | DLC | ||
| 005 | 20260227112541.0 | ||
| 008 | 890718s1968 ii 000 0 gujo | ||
| 010 | _asa 68009167 | ||
| 035 | _a(OCoLC)20027241 | ||
| 040 |
_aDLC _cWaU _dDLC |
||
| 042 | _apremarc | ||
| 043 | _aa-ii--- | ||
| 050 | 0 | 0 |
_aPK1854 _b.M4 1968 |
| 100 | 1 |
_aMeghāṇī, Jhaveracanda Kālīdāsa, _d1896-1947. |
|
| 245 | 1 | 0 | _aLokasāhityanuṃ samālocana. |
| 260 | _c1968. | ||
| 300 |
_a256 p. _c19 cm. |
||
| 410 | 2 | 0 |
_aUniversity of Bombay. _tThakkar Vassonji Madhavji lectures, _v1943 |
| 500 | _aIn Gujarati. | ||
| 650 | 0 |
_aFolk literature, Gujarati _xHistory and criticism. |
|
| 700 | 1 |
_aYajnik, Amritlal, _d1913- |
|
| 999 |
_c82763 _d82763 |
||